Visual photo / (Record no. 300772)
[ view plain ]
| 000 -LEADER | |
|---|---|
| fixed length control field | 00620nam a2200217Ia 4500 |
| 008 - FIXED-LENGTH DATA ELEMENTS--GENERAL INFORMATION | |
| fixed length control field | 160901s9999 xx 000 0 und d |
| 050 ## - LIBRARY OF CONGRESS CALL NUMBER | |
| Classification number | FIL TR 267.5 |
| 050 ## - LIBRARY OF CONGRESS CALL NUMBER | |
| Item number | .G56P45 2011 c.1 |
| 100 ## - MAIN ENTRY--PERSONAL NAME | |
| Personal name | Blanca Pelayo. |
| 245 ## - TITLE STATEMENT | |
| Title | Visual photo / |
| 245 ## - TITLE STATEMENT | |
| Statement of responsibility, etc | Shiela Blanca Pelayo; edited by Conchita Camba Crisostomo. |
| 260 ## - PUBLICATION, DISTRIBUTION, ETC. (IMPRINT) | |
| Place of publication, distribution, etc | Philippines : |
| 260 ## - PUBLICATION, DISTRIBUTION, ETC. (IMPRINT) | |
| Name of publisher, distributor, etc | 3K - It Educ. Services., |
| 260 ## - PUBLICATION, DISTRIBUTION, ETC. (IMPRINT) | |
| Date of publication, distribution, etc | 2011 |
| 300 ## - PHYSICAL DESCRIPTION | |
| Extent | 118 pages : |
| 300 ## - PHYSICAL DESCRIPTION | |
| Other physical details | ill. ; |
| 300 ## - PHYSICAL DESCRIPTION | |
| Dimensions | 23 cm. |
| 650 ## - SUBJECT ADDED ENTRY--TOPICAL TERM | |
| Topical term or geographic name as entry element | GIMP (Computer file). |
| 650 ## - SUBJECT ADDED ENTRY--TOPICAL TERM | |
| Topical term or geographic name as entry element | Image processing -- Digital techniques. |
| 650 ## - SUBJECT ADDED ENTRY--TOPICAL TERM | |
| General subdivision | Photography -- Digital techniques. |
| Withdrawn status | Lost status | Damaged status | Home library | Current library | Shelving location | Date acquired | Total Checkouts | Full call number | Barcode | Date last seen | Price effective from | Koha item type |
|---|---|---|---|---|---|---|---|---|---|---|---|---|
| South Mansfield College | South Mansfield College | Filipiniana Section | 07/10/2012 | FIL TR 267.5 .G56P45 2011 c.1 | SMC05752 | 09/01/2016 | 09/01/2016 |